| 000 | 00661nam a2200193 i 4500 | ||
|---|---|---|---|
| 001 | bg | ||
| 245 | 0 |
_aĆwiczenia z mikrobiologii ogólnej / _cpod red. Józefa Kura ; [aut. Józef Kur [et al.] ; Politechnika Gdańska. |
|
| 260 |
_aGdańsk : _bWydaw. PG, _c1993. |
||
| 300 |
_a128 s. : _brys., wykr. ; _c24 cm. |
||
| 504 | _aBibliogr. s. 129. | ||
| 521 | _aSkrypt dla studentów Wydziału Chemicznego kierunków Biotechnologia i Ochrona Środowiska. | ||
| 700 | 1 |
_aKUR, Józef. _eRed. |
|
| 710 | _aPOLITECHNIKA GDAŃSKA (Gdańsk) | ||
| 040 | _cBPK | ||
| 041 | _apol | ||
| 080 | _a579(075.8)(076) | ||
| 942 | _cKS | ||
| 008 | s pl f |000 0 pol | ||
| 999 |
_c6258 _d6258 |
||
| 856 |
_uhttp://koha.tu.koszalin.pl/cgi-bin/koha/opac-detail.pl?biblionumber=6258 _yKatalog online BPK |
||